Statistics for Liverpool FC Squad 2015-2016

Click here to take the quiz!

General Stats

  • This quiz has been taken 15 times
  • The average score is 20 of 33

Answer Stats

#PositionNationPlayer% Correct
6DFCroatiaDejan Lovren
100%
27FWBelgiumDivock Origi
100%
22GKBelgiumSimon Mignolet
100%
14MFEnglandJordan Henderson
93%
-CoachGermanyJürgen Klopp
93%
10MFBrazilPhilippe Coutinho
93%
20MFEnglandAdam Lallana
87%
23MFGermanyEmre Can
87%
11FWBrazilRoberto Firmino
87%
12DFEnglandJoe Gomez
80%
21MFBrazilLucas Leiva
80%
17DFFranceMamadou Sakho
80%
37DFSlovakiaMartin Škrtel
80%
18DFSpainAlberto Moreno
73%
8FWBelgiumChristian Benteke
73%
7MFEnglandJames Milner
73%
-CoachNorthern IrelandBrendan Rodgers
67%
24MFWalesJoe Allen
67%
4DFIvory CoastKolo Touré
67%
2DFEnglandNathaniel Clyne
67%
15FWEnglandDaniel Sturridge
53%
3DFSpainJosé Enrique
47%
34GKHungaryÁdám Bogdán
40%
28FWEnglandDanny Ings
33%
33FWEnglandJordon Ibe
33%
44DFAustraliaBrad Smith
27%
52GKWalesDanny Ward
27%
38DFEnglandJon Flanagan
27%
54FWEnglandSheyi Ojo
20%
56DFEnglandConnor Randall
13%
35MFJamaicaKevin Stewart
13%
19DFEnglandSteven Caulker
13%
26DFPortugalTiago Ilori
13%

Score Distribution

Percentile by Number Answered

Percent of People with Each Score

Your Score History

You have not taken this quiz